| 000 | 00526nam a22001933a 4500 | ||
|---|---|---|---|
| 005 | 20230602063721.0 | ||
| 008 | 010531m19711999mx r 000 0 spa d | ||
| 020 | _a9682700884 | ||
| 035 | _aUPN01000116944 | ||
| 049 | _aCG | ||
| 050 | 4 |
_aPQ7297 C46 _bA5 |
|
| 100 | 1 |
_aCastellanos, Rosario, _d1925-1974 |
|
| 245 | 1 | 0 |
_aAlbum de familia / _cRosario Castellanos. |
| 260 |
_aMéxico : _bJ. Mortiz, _c1971 (1999 impr.). |
||
| 300 | _a155 p. | ||
| 440 | 0 | _aSerie del volador | |
| 650 | 4 |
_aNovela mexicana _94557 |
|
| 905 | _aLibro | ||
| 999 |
_c89572 _d89572 |
||